[Event "FRA-ch U16 Girls"]
[Site "Nimes"]
[Date "2012.04.21"]
[Round "9"]
[White "Bellaiche, Elise"]
[Black "Dol, Cecile"]
[Result "1/2-1/2"]
[WhiteElo "1985"]
[BlackElo "1577"]
[PlyCount "119"]
[EventDate "2012.04.14"]
[EventType "swiss"]
[EventRounds "9"]
[EventCountry "FRA"]
[SourceTitle "CBM 148 Extra"]
[Source "ChessBase"]
[SourceDate "2012.06.22"]
[SourceVersion "1"]
[SourceVersionDate "2012.06.22"]
[SourceQuality "1"]

1. e4 e6 2. d4 d5 3. Nc3 dxe4 4. Nxe4 Bd7 5. Nf3 Bc6 6. Bd3 Nd7 7. 0-0 Be7 8. c4 Ngf6 9. Ng3 Bxf3 10. Qxf3 c6 11. Be3 0-0 12. Rfd1 Re8 13. Rac1 Qa5 14. a3 Rad8 15. Bd2 Qb6 16. Bc3 Nf8 17. h4 Qc7 18. h5 N8d7 19. Ne4 Nxe4 20. Qxe4 Nf6 21. Qf3 Bd6 22. h6 Bh2+ 23. Kh1 Qf4 24. Qh3 Ng4 25. Be1 Rxd4 26. hxg7 f5 27. Be2 Nxf2+ 28. Bxf2 Rxd1+ 29. Rxd1 Qxf2 30. Qh5 Ra8 31. Kxh2 Qf4+ 32. Kh1 Qc7 33. Qh6 Qe7 34. Rd4 Re8 35. Bh5 Rd8 36. Rxd8+ Qxd8 37. Qxe6+ Kxg7 38. Qf7+ Kh6 39. g3 Qg5 40. Bf3 Qxg3 41. Qf8+ Kg5 42. Qg7+ Kf4 43. Qxg3+ Kxg3 44. Bh5 Kf2 45. c5 b6 46. cxb6 axb6 47. b4 Ke3 48. Be8 c5 49. bxc5 bxc5 50. Bf7 Kd4 51. a4 c4 52. a5 c3 53. Bb3 Kc5 54. Bc2 f4 55. Kg2 Kb5 56. Bxh7 Kxa5 57. Kf3 Kb4 58. Kxf4 Kb3 59. Ke3 c2 60. Bxc2+ 1/2-1/2

[Event "FRA-ch U14 Girls"]
[Site "Troyes"]
[Date "2010.04.15"]
[Round "6"]
[White "Dol, Cecile"]
[Black "Savalle, Mathilde"]
[Result "1-0"]
[WhiteElo "1610"]
[BlackElo "1580"]
[PlyCount "69"]
[EventDate "2010.04.11"]
[EventType "swiss"]
[EventRounds "9"]
[EventCountry "FRA"]
[SourceTitle "EXT 2012"]
[Source "ChessBase"]
[SourceDate "2011.11.24"]
[SourceVersion "1"]
[SourceVersionDate "2011.11.24"]
[SourceQuality "1"]

1. e4 c5 2. Nf3 Nc6 3. c3 Nf6 4. e5 Nd5 5. d4 cxd4 6. cxd4 d6 7. Bc4 Nb6 8. Bb3 Bg4 9. Be3 e6 10. Nc3 d5 11. 0-0 Be7 12. h3 Bf5 13. a3 0-0 14. Qe2 Na5 15. Ba2 Nac4 16. Bb1 Nxe3 17. fxe3 Bxb1 18. Raxb1 Nc4 19. Nd2 Nxd2 20. Qxd2 Rc8 21. Rbc1 a6 22. Rc2 f6 23. exf6 Bxf6 24. Qe2 b5 25. Qg4 Qe7 26. Nxd5 exd5 27. Rxc8 Qxe3+ 28. Kh1 Rxc8 29. Qxc8+ Kf7 30. Qd7+ Kg6 31. Qxd5 Qxd4 32. Qxd4 Bxd4 33. b4 Bb2 34. Rf3 Kg5 35. Kg1 1-0